000 00314nam a2200133Ia 4500
005 20260326235453.0
008 260326s9999||||xx |||||||||||||| ||und||
100 _aGrube, Ernst J.
245 4 _aThe World of Islam /
_cErnst J. Grube
260 _bHamlyn
300 _a176 p.
650 _aARQUITECTURA
942 _cBK
999 _c7838
_d7838